[Event "FRA-chT2 0910"]
[Site "France"]
[Date "2009.11.22"]
[Round "4.3"]
[White "Fantinel, Thibault"]
[Black "Laporte, Damien"]
[Result "1-0"]
[WhiteElo "2145"]
[BlackElo "2186"]
[PlyCount "59"]
[EventDate "2009.09.27"]
[EventType "team-tourn"]
[EventRounds "11"]
[EventCountry "FRA"]
[SourceTitle "EXT 2011"]
[Source "ChessBase"]
[SourceDate "2010.11.26"]
[SourceVersion "1"]
[SourceVersionDate "2010.11.26"]
[SourceQuality "1"]

1. e4 c5 2. Nf3 Nf6 3. e5 Nd5 4. g3 Nc6 5. Bg2 d6 6. exd6 Qxd6 7. 0-0 Bg4 8. h3 Bh5 9. d4 cxd4 10. g4 Bg6 11. Nxd4 Nxd4 12. Qxd4 e6 13. Na3 Qb4 14. c4 Rd8 15. Rd1 Bc5 16. Qxg7 Bxf2+ 17. Kxf2 Qc5+ 18. Qd4 Qxd4+ 19. Rxd4 Nb4 20. Rxd8+ Kxd8 21. Bg5+ Kc8 22. Bf6 Rg8 23. Bc3 Nd3+ 24. Ke3 Nc5 25. b4 Nd7 26. Rd1 Nb6 27. c5 Na4 28. Be5 f6 29. Bxf6 a5 30. Nc4 1-0

[Event "FRA-ch Accession"]
[Site "Pau"]
[Date "2008.08.12"]
[Round "1"]
[White "Aguettaz, Maxime"]
[Black "Laporte, Damien"]
[Result "1-0"]
[WhiteElo "2426"]
[BlackElo "2212"]
[PlyCount "49"]
[EventDate "2008.08.11"]
[EventType "swiss"]
[EventRounds "9"]
[EventCountry "FRA"]
[SourceTitle "CBM 126 Extra"]
[Source "ChessBase"]
[SourceDate "2008.11.05"]
[SourceVersion "1"]
[SourceVersionDate "2008.11.05"]
[SourceQuality "1"]

1. Nf3 c5 2. c4 g6 3. Nc3 Bg7 4. g3 Nc6 5. Bg2 e6 6. 0-0 Nge7 7. d4 Nxd4 8. Nxd4 cxd4 9. Nb5 Nc6 10. e3 0-0 11. exd4 a6 12. Nd6 Qe7 13. c5 Nxd4 14. Rb1 Be5 15. b4 Bxd6 16. Qxd4 Bc7 17. Bh6 f6 18. Bxf8 Kxf8 19. a4 Rb8 20. a5 d5 21. cxd6 Bxd6 22. Rfd1 Bc7 23. Rbc1 b6 24. axb6 Bxb6 25. Rxc8+ 1-0

[Event "Creon op 13th"]
[Site "Creon"]
[Date "2008.08.02"]
[Round "8"]
[White "Laporte, Damien"]
[Black "Darrigues, Alain"]
[Result "1-0"]
[WhiteElo "2212"]
[BlackElo "2012"]
[PlyCount "53"]
[EventDate "2008.07.28"]
[EventType "swiss"]
[EventRounds "9"]
[EventCountry "FRA"]
[SourceTitle "CBM 125 Extra"]
[Source "ChessBase"]
[SourceDate "2008.09.01"]
[SourceVersion "1"]
[SourceVersionDate "2008.09.01"]
[SourceQuality "1"]

1. e4 c5 2. Nf3 Nc6 3. Bb5 g6 4. c3 Bg7 5. d4 Qb6 6. Qe2 cxd4 7. 0-0 e5 8. Na3 Nge7 9. cxd4 Nxd4 10. Nxd4 exd4 11. Nc4 Qc7 12. g3 0-0 13. Bf4 Qd8 14. Nd6 a6 15. Bc4 b5 16. Bb3 Nc6 17. Qf3 Qe7 18. e5 Kh8 19. Rfe1 Rb8 20. Qd5 h6 21. Nxf7+ Kh7 22. Nd6 Bb7 23. Nxb7 Rxb7 24. e6 Rd8 25. Bd6 Qg5 26. e7 Qxd5 27. Bxd5 1-0

[Event "Creon op 13th"]
[Site "Creon"]
[Date "2008.08.01"]
[Round "7"]
[White "Mondon, Fabrice"]
[Black "Laporte, Damien"]
[Result "1/2-1/2"]
[WhiteElo "1988"]
[BlackElo "2212"]
[PlyCount "71"]
[EventDate "2008.07.28"]
[EventType "swiss"]
[EventRounds "9"]
[EventCountry "FRA"]
[SourceTitle "CBM 125 Extra"]
[Source "ChessBase"]
[SourceDate "2008.09.01"]
[SourceVersion "1"]
[SourceVersionDate "2008.09.01"]
[SourceQuality "1"]

1. e4 c5 2. Nf3 Nf6 3. e5 Nd5 4. Nc3 e6 5. Nxd5 exd5 6. c3 Nc6 7. d4 d6 8. Bb5 Qb6 9. Qe2 Be6 10. 0-0 0-0-0 11. exd6 c4 12. Bxc6 Qxc6 13. Bf4 Bxd6 14. Bxd6 Qxd6 15. b3 f6 16. Nd2 Rhe8 17. Qf3 h5 18. bxc4 dxc4 19. Rfe1 Bd5 20. Qf5+ Qd7 21. Qxd7+ Kxd7 22. f3 f5 23. Kf2 a6 24. Rab1 b5 25. f4 Rb8 26. Rxe8 Rxe8 27. a4 Rb8 28. axb5 Rxb5 29. Ra1 Rb2 30. Ke1 Rb6 31. Ra5 Kd6 32. g3 g6 33. Ke2 Bf7 34. Kd1 Kc7 35. Kc1 Rd6 36. Nf3 1/2-1/2

[Event "Creon op 13th"]
[Site "Creon"]
[Date "2008.07.31"]
[Round "6"]
[White "Laporte, Damien"]
[Black "Inkiov, Ventzislav"]
[Result "0-1"]
[WhiteElo "2212"]
[BlackElo "2446"]
[PlyCount "88"]
[EventDate "2008.07.28"]
[EventType "swiss"]
[EventRounds "9"]
[EventCountry "FRA"]
[SourceTitle "CBM 125 Extra"]
[Source "ChessBase"]
[SourceDate "2008.09.01"]
[SourceVersion "1"]
[SourceVersionDate "2008.09.01"]
[SourceQuality "1"]

1. e4 c5 2. Nf3 d6 3. c3 Nf6 4. Bc4 e6 5. Qe2 Be7 6. Bb3 Bd7 7. d4 Bc6 8. Bc2 Qa5 9. 0-0 cxd4 10. b4 Qh5 11. cxd4 Bb5 12. Bd3 Bxd3 13. Qxd3 Nbd7 14. Nc3 0-0 15. Re1 Qg6 16. d5 Rac8 17. Bb2 Nb6 18. dxe6 fxe6 19. Rad1 Nc4 20. Bc1 Ng4 21. Ne2 Nce5 22. Nxe5 Nxe5 23. Qg3 Bh4 24. Qxg6 Bxf2+ 25. Kh1 hxg6 26. Rf1 Ng4 27. h3 Ne3 28. Bxe3 Bxe3 29. Rxf8+ Kxf8 30. Rd3 Bb6 31. Rf3+ Kg8 32. Nf4 Bd4 33. Nxe6 Rc1+ 34. Kh2 Be5+ 35. g3 Rc2+ 36. Kg1 Bf6 37. Kf1 Rc4 38. a3 Rxe4 39. Nc7 a6 40. Rb3 Rc4 41. Nd5 Kf7 42. a4 Be5 43. a5 Ke6 44. Rd3 g5 0-1

[Event "Naujac op"]
[Site "Naujac"]
[Date "2008.06.27"]
[Round "7"]
[White "Laporte, Damien"]
[Black "Kunze, Carlo"]
[Result "1/2-1/2"]
[WhiteElo "2206"]
[BlackElo "2283"]
[PlyCount "95"]
[EventDate "2008.06.21"]
[EventType "swiss"]
[EventRounds "9"]
[EventCountry "FRA"]
[SourceTitle "CBM 125 Extra"]
[Source "ChessBase"]
[SourceDate "2008.09.01"]
[SourceVersion "1"]
[SourceVersionDate "2008.09.01"]
[SourceQuality "1"]

1. e4 d6 2. d4 Nf6 3. Nc3 Nbd7 4. f4 e5 5. Nf3 Be7 6. Bd3 0-0 7. 0-0 c6 8. h3 Qc7 9. Be3 b5 10. a3 a6 11. Qe1 Bb7 12. fxe5 dxe5 13. dxe5 Nxe5 14. Nxe5 Qxe5 15. Rf5 Qe6 16. Qg3 Nd7 17. Bd4 f6 18. e5 Nxe5 19. Bxe5 fxe5 20. Rxe5 Qf6 21. Rf1 Qd6 22. Rd1 Qf6 23. Qe3 Bd6 24. Bxh7+ Kxh7 25. Qd3+ Kg8 26. Qxd6 Qf2+ 27. Kh1 Rae8 28. Rxe8 Rxe8 29. Qg6 Re1+ 30. Rxe1 Qxe1+ 31. Kh2 c5 32. Qd6 b4 33. axb4 cxb4 34. Nd5 Bxd5 35. Qxd5+ Kh8 36. Qa8+ Kh7 37. Qxa6 Qe5+ 38. g3 Qxb2 39. Qd3+ Kh8 40. Qe4 Qc1 41. g4 Qd2+ 42. Kg3 Qd6+ 43. Qf4 Qc5 44. Qf5 Qe3+ 45. Kh4 Qe1+ 46. Kh5 Qe8+ 47. Kg5 Qe3+ 48. Kh4 1/2-1/2

[Event "Naujac op"]
[Site "Naujac"]
[Date "2008.06.26"]
[Round "6"]
[White "Favarel, Antoine"]
[Black "Laporte, Damien"]
[Result "1/2-1/2"]
[WhiteElo "2065"]
[BlackElo "2206"]
[PlyCount "35"]
[EventDate "2008.06.21"]
[EventType "swiss"]
[EventRounds "9"]
[EventCountry "FRA"]
[SourceTitle "CBM 125 Extra"]
[Source "ChessBase"]
[SourceDate "2008.09.01"]
[SourceVersion "1"]
[SourceVersionDate "2008.09.01"]
[SourceQuality "1"]

1. e4 c5 2. b3 Nf6 3. e5 Nd5 4. Bb2 Nc6 5. Nf3 e6 6. Bb5 Nd4 7. Nxd4 cxd4 8. Qg4 Qc7 9. Bxd4 Qxc2 10. Nc3 Nxc3 11. Bxc3 a6 12. Bc4 Qg6 13. Qf3 d5 14. Bd3 Qg5 15. h4 Qd8 16. Bd4 Bd7 17. a4 h5 18. Qe3 1/2-1/2

[Event "Naujac op"]
[Site "Naujac"]
[Date "2008.06.23"]
[Round "3"]
[White "Laporte, Damien"]
[Black "Lewis, John"]
[Result "1/2-1/2"]
[WhiteElo "2206"]
[BlackElo "2137"]
[PlyCount "65"]
[EventDate "2008.06.21"]
[EventType "swiss"]
[EventRounds "9"]
[EventCountry "FRA"]
[SourceTitle "CBM 125 Extra"]
[Source "ChessBase"]
[SourceDate "2008.09.01"]
[SourceVersion "1"]
[SourceVersionDate "2008.09.01"]
[SourceQuality "1"]

1. e4 c5 2. f4 Nc6 3. Nf3 g6 4. Bb5 Bg7 5. Bxc6 bxc6 6. Qe2 d6 7. 0-0 e6 8. e5 Ne7 9. Nc3 Nd5 10. d3 Nxc3 11. bxc3 0-0 12. Be3 Qa5 13. c4 Rb8 14. Qe1 Qa3 15. Rb1 Rxb1 16. Qxb1 d5 17. Bc1 Qa5 18. Nd2 f6 19. Nb3 Qc7 20. exf6 Bxf6 21. Be3 dxc4 22. dxc4 Ba6 23. Bxc5 Bxc4 24. Bxf8 Bxf1 25. Qxf1 Kxf8 26. Qc4 Qd6 27. g3 e5 28. fxe5 Bxe5 29. Qg4 Kg7 30. Kf2 Qd5 31. Qa4 Qf7+ 32. Kg1 Qd7 33. Kf2 1/2-1/2

[Event "FRA-chT2 West 0607"]
[Site "France"]
[Date "2007.02.11"]
[Round "7.1"]
[White "Laporte, Damien"]
[Black "Pham, Minh Hoang"]
[Result "0-1"]
[WhiteElo "2174"]
[BlackElo "2480"]
[PlyCount "114"]
[EventDate "2006.10.15"]
[EventType "team"]
[EventRounds "11"]
[EventCountry "FRA"]
[SourceTitle "EXT 2008"]
[Source "ChessBase"]
[SourceDate "2007.11.25"]
[SourceVersion "1"]
[SourceVersionDate "2007.11.25"]
[SourceQuality "1"]
[WhiteTeam "Bordeaux ASPOM"]
[BlackTeam "Sautron"]
[WhiteTeamCountry "FRA"]
[BlackTeamCountry "FRA"]

1. e4 c5 2. Nf3 d6 3. c3 Nf6 4. Bc4 e6 5. Qe2 Nc6 6. d4 d5 7. exd5 Nxd5 8. Bg5 f6 9. Be3 cxd4 10. Nxd4 Nxd4 11. Bxd4 e5 12. 0-0 Be6 13. Bxe5 fxe5 14. Rd1 Qd6 15. Na3 Nf4 16. Qe4 Qc7 17. Bb5+ Kf7 18. Nc4 Ng6 19. h4 h5 20. Rd3 Be7 21. Rg3 Bg4 22. Ne3 Rh6 23. Bc4+ Ke8 24. Qd5 a6 25. Qf7+ Kd7 26. Qxg7 Rah8 27. Nd5 Qd6 28. Rd3 Kc8 29. Re1 Bd8 30. Ne3 Qf6 31. Qxf6 Bxf6 32. g3 Bd7 33. Nd5 Bd8 34. Red1 Bg4 35. Re1 R6h7 36. Ne3 Bd7 37. Rd6 Rg7 38. Red1 Bc7 39. R6d2 Rf8 40. Kh2 Rf6 41. Nd5 Rd6 42. Be2 Bg4 43. f3 Be6 44. Nxc7 Rxd2 45. Rxd2 Kxc7 46. Bd3 Rd7 47. Rd1 Bxa2 48. Bc2 Rxd1 49. Bxd1 Bb1 50. Kh3 Kd6 51. f4 exf4 52. Bxh5 fxg3 53. Kxg3 a5 54. Bf3 b6 55. Be2 Ke5 56. Kg4 Nf4 57. Bb5 Bf5+ 0-1

[Event "FRA-chT2A 0506"]
[Site "France"]
[Date "2005.11.19"]
[Round "2.5"]
[White "Demuth, Adrien"]
[Black "Laporte, Damien"]
[Result "0-1"]
[WhiteElo "2055"]
[BlackElo "2152"]
[PlyCount "110"]
[EventDate "2005.10.27"]
[EventType "team-tourn"]
[EventRounds "11"]
[EventCountry "FRA"]
[SourceTitle "EXT 2006"]
[Source "ChessBase"]
[SourceDate "2005.11.24"]
[SourceVersion "1"]
[SourceVersionDate "2005.11.24"]
[SourceQuality "1"]
[WhiteTeam "Niort"]
[BlackTeam "Bordeaux ASPOM"]
[WhiteTeamCountry "FRA"]
[BlackTeamCountry "FRA"]

1. d4 Nf6 2. c4 e6 3. Nf3 c5 4. d5 b5 5. Bg5 Qa5+ 6. Qd2 Qxd2+ 7. Nbxd2 Na6 8. a3 bxc4 9. Bxf6 gxf6 10. e4 Bb7 11. Bxc4 Nc7 12. 0-0-0 Rb8 13. Rhe1 Bg7 14. Nf1 Na8 15. Ne3 Nb6 16. Kc2 Rg8 17. b3 Bh6 18. g3 Kf8 19. h3 Bxe3 20. Rxe3 f5 21. exf5 exd5 22. Bf1 d4 23. Nxd4 cxd4 24. Rxd4 Kg7 25. Kb2 Rge8 26. Bb5 Nd5 27. Rxe8 Rxe8 28. Bc4 Nb6 29. Bd3 Kf6 30. Rh4 Ke5 31. Rxh7 Kd4 32. Kc2 Be4 33. Bxe4 Rxe4 34. Kd2 a5 35. Rxf7 a4 36. bxa4 Nc4+ 37. Kc2 d5 38. Kb3 Re2 39. a5 Nxa5+ 40. Ka4 Nc4 41. f4 Kc3 42. Rb7 Re8 43. Rb3+ Kc2 44. Rb5 d4 45. Kb4 Ne3 46. Rc5+ Kb2 47. Rc6 Rd8 48. f6 d3 49. f7 d2 50. Rd6 Nd5+ 51. Rxd5 Rxd5 52. f8Q d1Q 53. Qf6+ Ka2 54. Qc3 Qb1+ 55. Kc4 Qb5# 0-1

[Event "Creon op 10th"]
[Site "Creon"]
[Date "2005.08.02"]
[Round "2"]
[White "Delgado Vallejo, Francesco"]
[Black "Laporte, Damien"]
[Result "0-1"]
[WhiteElo "2205"]
[BlackElo "2143"]
[PlyCount "36"]
[EventDate "2005.08.01"]
[EventType "swiss"]
[EventRounds "9"]
[EventCountry "FRA"]
[SourceTitle "CBM 107 Extra"]
[Source "ChessBase"]
[SourceDate "2005.09.01"]
[SourceVersion "1"]
[SourceVersionDate "2005.09.01"]
[SourceQuality "1"]

1. e4 e6 2. d4 d5 3. e5 c5 4. Nf3 Nc6 5. c3 Qb6 6. a3 c4 7. Be2 Na5 8. Nbd2 Bd7 9. a4 Ne7 10. b4 cxb3 11. Nxb3 Qxb3 12. Bg5 Qxd1+ 13. Bxd1 Rc8 14. Bd2 Nc4 15. Rc1 Nc6 16. 0-0 N6a5 17. Be2 Bxa4 18. Ra1 b5 0-1

[Event "Creon op 10th"]
[Site "Creon"]
[Date "2005.08.02"]
[Round "3"]
[White "Laporte, Damien"]
[Black "Suez Panama, Gilles"]
[Result "0-1"]
[WhiteElo "2143"]
[BlackElo "2067"]
[PlyCount "62"]
[EventDate "2005.08.01"]
[EventType "swiss"]
[EventRounds "9"]
[EventCountry "FRA"]
[SourceTitle "CBM 107 Extra"]
[Source "ChessBase"]
[SourceDate "2005.09.01"]
[SourceVersion "1"]
[SourceVersionDate "2005.09.01"]
[SourceQuality "1"]

1. e4 e6 2. d4 d5 3. e5 c5 4. c3 Nc6 5. Nf3 Nge7 6. dxc5 Ng6 7. b4 Ncxe5 8. Nxe5 Nxe5 9. f4 Ng6 10. Bb5+ Bd7 11. c4 a5 12. Bxd7+ Qxd7 13. cxd5 exd5 14. Qe2+ Be7 15. 0-0 0-0 16. f5 Bf6 17. Bb2 Ne5 18. Na3 axb4 19. Bxe5 Rfe8 20. Qb5 Qxb5 21. Nxb5 Bxe5 22. Rab1 Rxa2 23. Rxb4 Bf6 24. Nd4 h5 25. Nf3 Ree2 26. Rxb7 Rxg2+ 27. Kh1 Rgc2 28. Rc7 Ra5 29. c6 d4 30. Re1 Rxf5 31. Ng1 Rff2 0-1

[Event "FRA-chT2W 0203"]
[Site "France"]
[Date "2003.03.15"]
[Round "8"]
[White "Rihouay, Clement"]
[Black "Laporte, Damien"]
[Result "0-1"]
[WhiteElo "2097"]
[BlackElo "2141"]
[PlyCount "62"]
[EventDate "2002.10.??"]
[EventType "team"]
[EventRounds "11"]
[EventCountry "FRA"]
[SourceTitle "EXT 2004"]
[Source "ChessBase"]
[SourceDate "2003.11.25"]
[SourceVersion "1"]
[SourceVersionDate "2003.11.25"]
[SourceQuality "1"]
[WhiteTeam "Nantes"]
[BlackTeam "Bordeaux II"]
[WhiteTeamCountry "FRA"]
[BlackTeamCountry "FRA"]

1. e4 c5 2. Nf3 Nf6 3. e5 Nd5 4. Nc3 e6 5. Nxd5 exd5 6. d4 Nc6 7. dxc5 Bxc5 8. Qxd5 d6 9. Bd3 Qa5+ 10. Ke2 Be6 11. Qe4 dxe5 12. Qh4 f6 13. c3 Rd8 14. b4 Qa4 15. Rd1 Bf5 16. bxc5 e4 17. Ke1 Ne7 18. Nd4 Rxd4 19. cxd4 exd3 20. Qf4 0-0 21. Be3 Qc6 22. Kf1 g5 23. Qg3 h5 24. Rab1 h4 25. Qd6 Qe4 26. Re1 Bh3 27. Red1 Bxg2+ 28. Ke1 Nf5 29. Qxf8+ Kxf8 30. Kd2 Nxd4 31. Rb4 Qf3 0-1

[Event "FRA-chT2W 0203"]
[Site "France"]
[Date "2002.12.08"]
[Round "4"]
[White "Laporte, Damien"]
[Black "Tranchant, Sebastien"]
[Result "1/2-1/2"]
[WhiteElo "2117"]
[BlackElo "2145"]
[PlyCount "115"]
[EventDate "2002.10.??"]
[EventType "team"]
[EventRounds "11"]
[EventCountry "FRA"]
[SourceTitle "EXT 2004"]
[Source "ChessBase"]
[SourceDate "2003.11.25"]
[SourceVersion "1"]
[SourceVersionDate "2003.11.25"]
[SourceQuality "1"]
[WhiteTeam "Bordeaux II"]
[BlackTeam "Poitiers Buxerolles"]
[WhiteTeamCountry "FRA"]
[BlackTeamCountry "FRA"]

1. e4 c5 2. Nc3 Nc6 3. f4 g6 4. Nf3 Bg7 5. Bb5 Nd4 6. 0-0 a6 7. Bc4 e6 8. e5 d5 9. Bd3 Nxf3+ 10. Qxf3 Ne7 11. Nd1 Bd7 12. b3 Bb5 13. Bxb5+ axb5 14. Nc3 Qb6 15. a4 bxa4 16. bxa4 0-0 17. Rb1 Qc6 18. Ba3 b6 19. d4 f6 20. Qe2 fxe5 21. dxc5 bxc5 22. Rb5 exf4 23. Bxc5 Bxc3 24. Bxe7 Rfe8 25. Bg5 Rxa4 26. Bxf4 Re4 27. Qd3 Bg7 28. Bg3 Qc4 29. Rb7 Qxd3 30. cxd3 Ra4 31. Bd6 Bd4+ 32. Kh1 Rea8 33. g3 Ra1 34. Rxa1 Rxa1+ 35. Kg2 h5 36. h4 Ra7 37. Rb8+ Kg7 38. Re8 Kf7 39. Rf8+ Kg7 40. Re8 Rd7 41. Bb4 e5 42. g4 hxg4 43. Kg3 Rb7 44. Re7+ Rxe7 45. Bxe7 Kf7 46. Bg5 Ke6 47. Kxg4 Bf2 48. Kf3 Be1 49. Kg4 Bb4 50. Bc1 Ba5 51. Bg5 Bb6 52. Bd2 Bd8 53. Bh6 Bf6 54. Be3 Bd8 55. Bc1 Kd6 56. Ba3+ Ke6 57. Bc1 Bb6 58. Kg5 1/2-1/2

[Event "FRA-chT2W 0203"]
[Site "France"]
[Date "2002.11.16"]
[Round "2"]
[White "Laporte, Damien"]
[Black "Abello, Sebastien"]
[Result "0-1"]
[WhiteElo "2117"]
[BlackElo "2229"]
[PlyCount "88"]
[EventDate "2002.10.??"]
[EventType "team"]
[EventRounds "11"]
[EventCountry "FRA"]
[SourceTitle "EXT 2004"]
[Source "ChessBase"]
[SourceDate "2003.11.25"]
[SourceVersion "1"]
[SourceVersionDate "2003.11.25"]
[SourceQuality "1"]
[WhiteTeam "Bordeaux II"]
[BlackTeam "Brest"]
[WhiteTeamCountry "FRA"]
[BlackTeamCountry "FRA"]

1. e4 c5 2. c3 Nf6 3. d3 d5 4. Nd2 Nc6 5. Ngf3 g6 6. Be2 Bg7 7. 0-0 0-0 8. Re1 e5 9. a3 a5 10. a4 h6 11. Qc2 Be6 12. Nf1 d4 13. h4 Qd7 14. Ng3 Rad8 15. Bd2 Bg4 16. c4 Nh5 17. Nxh5 Bxh5 18. Qd1 Qd6 19. Nh2 Bxe2 20. Qxe2 f5 21. h5 f4 22. hxg6 Qxg6 23. Qg4 Rd6 24. Re2 f3 25. gxf3 Rxf3 26. Qxg6 Rxg6+ 27. Kh1 Rxd3 28. f4 exf4 29. Bxf4 Be5 30. Bd2 Rh3 31. Rf1 Rg4 32. Be1 d3 33. Ref2 Rxh2+ 34. Rxh2 Bxh2 35. Kxh2 Rxe4 36. Bc3 Nd4 37. Rd1 Re3 38. Bxa5 Kf7 39. Bb6 Nb3 40. Kg1 d2 41. Kf2 Re4 42. Bxc5 Nxc5 43. Rxd2 Rxc4 44. b3 Ne4+ 0-1

[Event "FRA-chT2W 0203"]
[Site "France"]
[Date "2002.10.13"]
[Round "1"]
[White "Laporte, Damien"]
[Black "Bedouin, Xavier"]
[Result "1-0"]
[WhiteElo "2117"]
[BlackElo "2176"]
[PlyCount "65"]
[EventDate "2002.10.??"]
[EventType "team"]
[EventRounds "11"]
[EventCountry "FRA"]
[SourceTitle "EXT 2004"]
[Source "ChessBase"]
[SourceDate "2003.11.25"]
[SourceVersion "1"]
[SourceVersionDate "2003.11.25"]
[SourceQuality "1"]
[WhiteTeam "Bordeaux II"]
[BlackTeam "Migne Auxances"]
[WhiteTeamCountry "FRA"]
[BlackTeamCountry "FRA"]

1. e4 c5 2. c3 Nf6 3. d3 d5 4. Nd2 Nc6 5. Ngf3 e6 6. Be2 Be7 7. 0-0 0-0 8. a3 a5 9. a4 Qc7 10. Qc2 b6 11. Nb1 Ba6 12. Na3 Rad8 13. Re1 c4 14. Nb5 Bxb5 15. axb5 dxe4 16. dxe4 Ne5 17. Nxe5 Qxe5 18. Qa4 Bc5 19. Bf3 Rd3 20. Qxc4 Rfd8 21. Be3 Bxe3 22. Rxe3 Rxe3 23. fxe3 g5 24. g3 Rd2 25. b4 h5 26. bxa5 h4 27. axb6 Rxh2 28. Qc7 Qxb5 29. Ra8+ Kg7 30. Kxh2 Qf1 31. Qe5 Kg6 32. gxh4 Qxf3 33. Qxg5+ 1-0

[Event "FRA-ch U18"]
[Site "Pau"]
[Date "2000.04.11"]
[Round "5"]
[White "Laporte, Damien"]
[Black "Humeau, Cyril"]
[Result "1/2-1/2"]
[WhiteElo "2245"]
[BlackElo "2060"]
[PlyCount "80"]
[EventDate "2000.04.09"]
[EventType "tourn"]
[EventRounds "9"]
[EventCountry "FRA"]
[SourceTitle "EXT 2010"]
[Source "ChessBase"]
[SourceDate "2010.11.25"]
[SourceVersion "1"]
[SourceVersionDate "2010.11.25"]
[SourceQuality "1"]

1. e4 Nf6 2. e5 Nd5 3. Nc3 Nxc3 4. bxc3 d6 5. f4 g6 6. d4 Bg7 7. Nf3 0-0 8. Bd3 c5 9. 0-0 Nc6 10. Be3 Qa5 11. d5 Nb8 12. c4 Bg4 13. Rb1 Qc7 14. exd6 exd6 15. h3 Bxf3 16. Qxf3 f5 17. g4 fxg4 18. hxg4 Nd7 19. Kg2 Ne5 20. Qh3 Nxd3 21. cxd3 Rae8 22. Qg3 Rf7 23. Rbe1 Qd7 24. Bd2 Rxe1 25. Rxe1 Re7 26. Rxe7 Qxe7 27. Qe3 Qxe3 28. Bxe3 Kf7 29. Bf2 a6 30. a4 Ke7 31. Kf3 Bf6 32. Ke4 g5 33. f5 a5 34. Bg3 Kd7 35. Bh2 Ke7 36. Bg1 Kd7 37. Be3 Ke7 38. Bc1 h6 39. Be3 b6 40. Bg1 Be5 1/2-1/2